|
|
|
|
| LEADER |
00000nab a2200000ua 4500 |
| 001 |
vtls010754453 |
| 003 |
SK-MaSNL |
| 005 |
20260304234351.0 |
| 008 |
250718s1988 xo |||||||||||||||||slo| |
| 035 |
|
|
|a (urnnbn)urn:nbn:sk:snk:ar-a006zs
|
| 035 |
|
|
|a (uuid)a1090088-4523-4938-a8be-c978e8fa385b
|
| 035 |
|
|
|a urn:nbn:sk:snk-ab45ds
|
| 040 |
|
|
|a SNKBUCL
|b slo
|c SNKBUCL
|e AACR2
|
| 041 |
0 |
|
|a slo
|
| 044 |
|
|
|a xo
|c SK
|
| 100 |
1 |
|
|a Aich, Péter,
|d 1942-
|4 aut
|9 91185
|
| 245 |
1 |
0 |
|a UPLATNIA SA VŠADE
|c Peter Aich
|
| 610 |
2 |
7 |
|a Stredné odborné učilište chemické (Bratislava, Slovensko)
|2 snkbucl
|9 1570882
|
| 650 |
0 |
7 |
|a stredné odborné učilištia
|2 SNKPH
|9 30904
|
| 650 |
0 |
7 |
|a profesie
|2 SNKPH
|9 2345
|
| 650 |
0 |
7 |
|a plastikársky priemysel
|2 SNKPH
|9 20447
|
| 773 |
0 |
|
|t Rodina a škola
|g Roč. 35, č. 10 (1988), s. 18-19
|
| 850 |
|
|
|a Slovenská národná knižnica
|
| 852 |
|
|
|a Slovenská národná knižnica
|
| 954 |
|
|
|a odborná, vedecká literatúra pôvodná (slovenská)
|2 lita
|
| 958 |
|
|
|a article3
|
| 958 |
|
|
|a OND
|
| 958 |
|
|
|a EUIPO
|
| 999 |
|
|
|c 3203552
|d 3205482
|